Random signals : (Record no. 67784)

000 -LEADER
fixed length control field 00467nam a22001697a 4500
003 - CONTROL NUMBER IDENTIFIER
control field NUST - PNEC
005 - DATE AND TIME OF LATEST TRANSACTION
control field 20170116181032.0
008 - FIXED-LENGTH DATA ELEMENTS--GENERAL INFORMATION
fixed length control field 150919b xxu||||| |||| 00| 0 eng d
020 ## - INTERNATIONAL STANDARD BOOK NUMBER
International Standard Book Number 047161274X
040 ## - CATALOGING SOURCE
Transcribing agency LIBRARY
082 ## - DEWEY DECIMAL CLASSIFICATION NUMBER
Classification number 621.38043 SHA
100 ## - MAIN ENTRY--PERSONAL NAME
9 (RLIN) 8780
Personal name Shanmugan, K. Sam,
245 ## - TITLE STATEMENT
Title Random signals :
Remainder of title detection, estimation, and data analysis
Statement of responsibility, etc. K. Sam, Shanmugan
260 ## - PUBLICATION, DISTRIBUTION, ETC.
Date of publication, distribution, etc. c 1988
650 ## - SUBJECT ADDED ENTRY--TOPICAL TERM
9 (RLIN) 11162
Topical term or geographic name entry element Signal detection
General subdivision EL
942 ## - ADDED ENTRY ELEMENTS (KOHA)
Source of classification or shelving scheme
Koha item type Book
Holdings
Withdrawn status Lost status Source of classification or shelving scheme Damaged status Not for loan Permanent Location Current Location Shelving location Date acquired Total Checkouts Full call number Barcode Date last seen Price effective from Koha item type
          Pakistan Navy Engineering College (PNEC) Pakistan Navy Engineering College (PNEC)       621.38043 SHA PNECLIB-020359 09/19/2015   Book
© 2023 Central Library, National University of Sciences and Technology. All Rights Reserved.